000 00857nam0a22002531 4500
001 rc\479626
005 20250621101457.0
035 _a(NLR Aleph) 005722662
090 _a7495758
_c7495758
100 _a20030616d1988 |||y0rusy50 ca
101 0 _arus
102 _aRU
105 _aa |||||||||
200 1 _aДиалоговая система планирования автотранспортных перевозок
210 _aМ.
_cВЦ АН СССР
_d1988
215 _a22, [2] с.
_cил.
_d22
225 1 _aСообщения по прикладной математике
_fАН СССР, ВЦ
320 _aБиблиогр.: с. 23 (7 назв.)
700 1 _aМгерян
_bГ.М.
_gГригорий Мартынович
801 0 _aRU
_bNLR
_gpsbo
801 1 _aRU
_bELAR
_2rusmarc
852 _aNLR
_j88-6/6963
942 _cBOOK
980 _aNB